MCU Heroes By Actor - Statistics

General Stats
  • This quiz has been taken 28 times
  • The average score is 72 of 156
Answer Stats
Actor Name Superheroes % Correct
Robert Downey Jr. Tony Stark Iron Man
100%
Scarlett Johansson Natasha Romanoff Black Widow
91%
Chris Evans Steve Rogers Captain America
91%
Anthony Mackie Sam Wilson Captain America
91%
Jeremy Renner Clint Barton Hawkeye
91%
Chris Hemsworth N/A Thor
91%
Mark Ruffalo Bruce Banner Hulk
86%
Samuel L. Jackson N/A Nick Fury
86%
Tom Hiddleston N/A Loki
82%
Paul Rudd Scott Lang Ant-Man
77%
Chadwick Boseman T'Challa Black Panther
77%
Letitia Wright Shuri Black Panther
77%
Brie Larson Carol Danvers Captain Marvel
77%
Lashana Lynch Maria Rambeau Captain Marvel
77%
Benedict Cumberbatch Steven Strange Doctor Strange
77%
Vin Diesel N/A Groot
77%
Michael Douglas N/A Hank Pym
77%
Elizabeth Olsen Wanda Maximoff Scarlet Witch
77%
Tom Holland Peter Parker Spider-Man
77%
Andrew Garfield Peter Parker Spider-Man
77%
Tobey Maguire Peter Parker Spider-Man
77%
Ebon Moss-Bachrach Ben Grimm The Thing
77%
Don Cheadle Rhodey War Machine
77%
Evangeline Lilly Hope Van Dyne Wasp
77%
Charlie Cox Matthew Murdock Daredevil
73%
Ryan Reynolds Wade Wilson Deadpool
73%
Anthony Mackie Sam Wilson Falcon
73%
Danny Ramirez Joaquin Torres Falcon
73%
Zoe Saldana N/A Gamora
73%
Chris Evans Johnny Storm Human Torch
73%
Joseph Quinn Johnny Storm Human Torch
73%
Patrick Stewart Charles Xavier Professor X
73%
Aaron Taylor-Johnson Pietro Maximoff Quicksilver
73%
Bradley Cooper N/A Rocket Raccoon
73%
Chris Pratt Peter Quill Star-Lord
73%
Paul Bettany N/A Vision
73%
Sebastian Stan Bucky Barnes Winter Soldier
73%
Hugh Jackman Logan Wolverine
73%
Benedict Wong N/A Wong
73%
Dave Bautista N/A Drax
68%
Hannah John-Kamen Ava Starr Ghost
68%
Vanessa Kirby Sue Storm Invisible Woman
68%
Channing Tatum Remy Lebaeu Gambit
64%
Anthony Hopkins N/A Odin
64%
David Harbour Alexei Shostakov Red Guardian
64%
Harrison Ford Thaddeus Ross Red Hulk
64%
Simu Liu Shaun Shang-Chi
64%
Letitia Wright N/A Shuri
64%
Tessa Thompson Brunnhilde Valkyrie
64%
Wesley Snipes Eric Brooks Blade
59%
Elodie Yung N/A Elektra
59%
Jennifer Garner N/A Elektra
59%
Oscar Issac Marc Spector Moon Knight
59%
Iman Vellani Kamala Khan Ms. Marvel
59%
Karen Gillan N/A Nebula
59%
Danai Gurira N/A Okoye
59%
Jon Bernthal Frank Castle Punisher
59%
Olga Kurylenko Antonia Dreykov Taskmaster
59%
Kelsey Grammer Hank McCoy Beast
55%
Anson Mount Blackagar Boltagon Black Bolt
55%
Rene Russo N/A Frigga
55%
Taika Waititi N/A Korg
55%
Pom Klementieff N/A Mantis
55%
John Krasinski Reed Richards Mister Fantastic
55%
Pedro Pascal Reed Richards Mister Fantastic
55%
Tatiana Maslany Jennifer Walters She-Hulk
55%
Hayley Atwell Peggy Carter Captain Carter
50%
Dominic Cooper N/A Howard Stark
50%
Finn Jones Danny Rand Iron Fist
50%
Don Cheadle Rhodey Iron Patriot
50%
Cobie Smulders N/A Maria Hill
50%
Winston Duke N/A M'Baku
50%
Gwyneth Paltrow Pepper Potts Rescue
50%
Wyatt Russell John Walker U.S. Agent
50%
Hayley Atwell N/A Agent Carter
45%
Dominique Thorne Riri Williams Ironheart
45%
Krysten Ritter N/A Jessica Jones
45%
Mike Colter N/A Luke Cage
45%
Florence Pugh N/A Yelena Belova
45%
Xochitl Gomez N/A America Chavez
41%
Tilda Swinton N/A Ancient One
41%
Richard Madden N/A Ikaris
41%
Michelle Pfeiffer N/A Janet Van Dyne
41%
Awkwafina N/A Katy
41%
Sean Gunn N/A Kraglin
41%
Natalie Portman Jane Foster Mighty Thor
41%
Jacob Batalon N/A Ned Leeds
41%
Lewis Pullman Bob Reynolds Sentry
41%
Angelina Jolie N/A Thena
41%
Clark Gregg N/A Agent Coulson
36%
Salma Hayek N/A Ajak
36%
Kit Harington Dane Whitman Black Knight
36%
Stefan Kapicic Piotr Rasputin Colossus
36%
Tadanobu Asano N/A Hogun
36%
Hailee Steinfield N/A Kate Bishop
36%
Lupita Nyong'o N/A Nakia
36%
Tenoch Huerta Mejia N/A Namor
36%
Lia McHugh N/A Sprite
36%
Joe Locke Billy Maximoff Wiccan
36%
Kathryn Hahn N/A Agatha Harkness
32%
N/A N/A Miek
32%
Brian Tyree Henry N/A Phastos
32%
Teyonah Parris Monica Rambeau Photon
32%
Gemma Chan N/A Sersi
32%
Jett Klyne Tommy Maximoff Speed
32%
Sophia Di Martino Loki Sylvie
32%
Ray Stevenson N/A Volstagg
32%
Kamar De Los Reyes Hector Ayala White Tiger
32%
Laura X-23
32%
Cle Bennett Lemar Hoskins Battlestar
27%
Charlize Theron N/A Clea
27%
Alaqua Cox Maya Lopez Echo
27%
Don Lee N/A Gilgamesh
27%
Kumail Nanjiani N/A Kingo
27%
Jaimie Alexander N/A Lady Sif
27%
Lauren Ridloff N/A Makkari
27%
Tony Dalton Jack Duquesne Swordsman
27%
Will Poulter N/A Adam Warlock
23%
Barry Keoghan N/A Druig
23%
Neal McDonough N/A Dum Dum Dugan
23%
Rachel Weisz N/A Melina Vostokoff
23%
Owen Wilson N/A Mobius M. Mobius
23%
May Calamawy Layla El-Faouly Scarlet Scarab
23%
Kathryn Newton Cassie Lang Stature
23%
Ben Mendelsohn N/A Talos
23%
Yahya Abdul-Mateen 2 Simon Williams Wonder Man
23%
Emilia Clarke N/A G'iah
18%
Langston Fishburne Bill Foster Goliath
18%
Brett Goldstein N/A Hercules
18%
Carl Lumbly N/A Isaiah Bradley
18%
Brianna Hildebrand N/A Negasonic Teenage Warhead
18%
Wil Deusner N/A Skaar
18%
Harry Styles Eros Starfox
18%
John Kani N/A T'Chaka
18%
Tony Leung N/A Xu Wenwu
18%
Meng'er Zhang N/A Xu Xialing
18%
Michael Rooker N/A Yondu Udonta
18%
Ali Ahn N/A Alice Wu-Gulliver
14%
Lashana Lynch Maria Rambeau Binary
14%
Sasheer Zamata N/A Jennifer Kale
14%
Patti Lupone N/A Lilia Calderu
14%
Oscar Isaac Marc Spector Mr. Knight
14%
Gael Garcia Bernal Jack Russell Werewolf By Night
14%
Laura Donnelly N/A Elsa Bloodstone
9%
Carey Jones Ted Man-Thing
9%
Patton Oswalt N/A Pip the Troll
9%
Lewis Tan Rusty Shatterstar
9%
Joe Locke Billy Kaplan The Teen
9%
Dee Bradley Baker N/A Blurp
5%
Katy O'Brian N/A Jentorra
5%
Bill Murray N/A Lord Krylar
5%
N/A N/A Love
5%
Kai Zen N/A Phyla-Vell
5%
Shira Haas N/A Ruth Bat-Seraph
5%
Olivia Colman N/A Sonya Falsworth
5%
Zachary Levi N/A Frandral
0%
No matching quizzes found
Score Distribution
Percent of People with Each Score
Percentile by Number Answered
Your Score History
You have not taken this quiz